El código de procedimientos penales concordado con código penal, contiene, además, una serie de formularios de los juicios penales, inclusive los de la competencia de los jurados / por el Lic. Ricardo Rodríguez magistrado del Tribunal Superior de Justicia del Distrito Federal

Detalles Bibliográficos
Autor Corporativo: México. Leyes, decretos, etc
Formato: Libro
Lenguaje:Spanish
Publicado: México : Herrero hermanos, editores, 1902.
Materias:
Colección:Banco de datos
Acervo:Seminario Conciliar de Nuestra Señora de Guadalupe Querétaro. Qro.. Biblioteca Florencio Rosas. Fondo Histórico
Descripción Física:LX, 244 p. ; 15 cm.
Tema general:Rodríguez, Ricardo, n. 1845
Notas:Texto con notas a pie de página. Colofón en el verso de la portada: Talleres "J. de Elizalde", 2° de San Lorenzo, 10". Encuadernación editorial en tela. Ex libris manuscrito en la anteportada: "M. Estrada". Sello troquelado de Manuel Estrada, Querétaro
LEADER 01168nam a22001930004500
035 |a 6335 
041 0 |a spa 
110 1 |a México. Leyes, decretos, etc. 
245 1 0 |a El código de procedimientos penales concordado con código penal, contiene, además, una serie de formularios de los juicios penales, inclusive los de la competencia de los jurados / por el Lic. Ricardo Rodríguez magistrado del Tribunal Superior de Justicia del Distrito Federal 
260 |a México : Herrero hermanos, editores, 1902.  
300 |a LX, 244 p. ; 15 cm.  
500 |a Texto con notas a pie de página. Colofón en el verso de la portada: Talleres "J. de Elizalde", 2° de San Lorenzo, 10". Encuadernación editorial en tela. Ex libris manuscrito en la anteportada: "M. Estrada". Sello troquelado de Manuel Estrada, Querétaro 
504 |a Incluye índice de contenido 
630 0 4 |a Derecho civil - Códigos de procedimientos penales 
650 1 0 |a Rodríguez, Ricardo, n. 1845 
949 |a Fondo Histórico: 14721 
942 |c Q.R.H.T 
943 |g Seminario Conciliar de Nuestra Señora de Guadalupe Querétaro. Qro.. Biblioteca Florencio Rosas. Fondo Histórico 
999 |c 1087790  |d 1087790